000 00463cam a2200157 4500500
005 20260329001659.0
041 _afre
042 _adc
100 1 0 _aDuru, Martin
_eauthor
245 0 0 _aSur la vérité
260 _c2008.
500 _a77
690 _aVrai
786 0 _nPhilosophie magazine | 23 | 10 | 2008-10-01 | p. 31-31 | 1951-1787
856 4 1 _uhttps://shs.cairn.info/magazine-philosophie-magazine-2008-10-page-31?lang=fr&redirect-ssocas=7080
999 _c1807646
_d1807646